|
|
|
|
| LEADER |
00711cam a2200217 7i4500 |
| 001 |
0000031016 |
| 005 |
20140514090000.0 |
| 020 |
0 |
0 |
|a 9781418779566
|
| 090 |
0 |
0 |
|a P 664.8025
|b PLA
|
| 245 |
0 |
0 |
|a PlanetInform's global directory for major fruits and vegetables wholesalers 2013.
|
| 250 |
0 |
0 |
|a 13th ed..
|
| 260 |
0 |
0 |
|a Florida:
|b Business Information Agency (BIA),
|c 2013.
|
| 300 |
# |
# |
|a 340 p.
|
| 650 |
0 |
0 |
|a Fruit --
|x Wholesalers --
|x Directories
|
| 650 |
0 |
0 |
|a Vegetables --
|x Wholesalers --
|x Directories
|
| 651 |
0 |
0 |
|a Asia Pacific
|
| 651 |
0 |
0 |
|a Middle East
|
| 651 |
0 |
0 |
|a Eastern Europe
|
| 651 |
0 |
0 |
|a Western Europe
|
| 651 |
0 |
0 |
|a North America
|
| 999 |
|
|
|a B000034297
|b Directories
|c Products
|e Business Information Centre
|